000 00728nam a22002890a 4500
001 PT60933
003 AR-LpoUNG
005 20210131232018.0
008 191001s2003||||sp |||||||||||||||||spa d
020 _a8487680410
_c$10
040 _aAR-LpoUNG
_bspa
_cAR-LpoUNG
_eaacr
041 _aspa
044 _asp
082 0 _a808.068 3 571peq
100 1 _aWild, Margaret
245 1 3 _aEl pequeño dromedario
250 _a1ra. ed.
260 _aMadrid :
_bArtime,
_c2003.
300 _a[30] p. :
_bil.
505 0 _aSugerido a partir de 6 años (etiqueta AMARILLA)
650 4 _aCUENTOS
650 4 _aLITERATURA
653 _aLITERATURA INFANTIL
700 1 _aJames, Ann
_eil.
905 _a60933
942 _cLIB
999 _c13225
_d13225